Spell the Marvel Character #30 - Statistics

General Stats
  • This quiz has been taken 38 times
  • The average score is 5 of 7
Answer Stats
Picture Answer % Correct
Hulk
100%
Moon Knight
97%
Angel
94%
Spider-Man 2099
81%
Shaman
61%
Aurora
52%
Northstar
45%
No matching quizzes found
Score Distribution
Percent of People with Each Score
Percentile by Number Answered
Your Score History
You have not taken this quiz